000 00682npc a2200217Ia 4500
001 dg88-39381
003 IT-MiCISF
008 161014s9999||||xx | und||
040 _aIT-MiCISF
_cIT-MiCISF
041 _ait
100 _aCanino Paolo
245 0 _aIl non profit lodigiano: analisi quantitativa, elementi di criticità e prospettive di sviluppo
250 _a1a ed.
260 _aLodi
_bProvincia di Lodi
_c2004
300 _app. 127
500 _aQuaderni dell'Osservatorio sociale territoriale n. 11 / terzo-settore, associazioni, indirizzi, territorio /
650 _avolontariato
700 _aCima Stefano
942 _cDD
957 _71
999 _a39381
_bsi
_g1
_c207076
_d207076